Words in the U.S. Bill of Rights - Sudden Death - Statistics

General Stats
  • This quiz has been taken 9,790 times
  • The average score is 11 of 20
Answers on the Grid
Answers color-coded by a green-red scale on the quiz's grid according to % correct below.
Arms
Census
Christian
Congress
Enslaved
Freedom
Gun
Happiness
Indentured
Infringed
Intoxicating
Jeopardy
Jury
King
Medication
Militia
People
Petition
Postmaster
Press
Quartered
Religion
Republican
Reserved
Seizures
Shall
Speech
Speedy
Tariff
Telephone
Unreasonable
Unalienable
Unusual
Witness
Women
 
Answer Stats
Answer % Correct
2 Arms
86%
1 Freedom
78%
1, 2, 4, 9, 10 People
70%
1 Congress
68%
1 Speech
67%
1 Religion
66%
1, 2, 3, 4, 5, 6, 7, 8, 9 Shall
65%
2, 5 Militia
58%
1 Press
58%
5, 6, 7 Jury
57%
1 Petition
53%
4 Unreasonable
53%
2 Infringed
51%
3 Quartered
48%
5, 6 Witness
44%
6 Speedy
43%
5 Jeopardy
40%
10 Reserved
39%
4 Seizures
39%
8 Unusual
35%
No matching quizzes found
Score Distribution
Percent of People with Each Score
Percentile by Number Answered
Your Score History
You have not taken this quiz